ბათუმის შოთა რუსთაველის სახელმწიფო უნივერსიტეტის ბიბლიოთეკა

საქართველოს საფინანსო სისტემის პერსპექტივები პოსტკრიზისული გამოწვევების ფონზე : (ბიბ.ჩანაწერი № 54425)

000 -ლიდერი
ფიქსირებული სიგრძის საკონტროლო ველი 01767nam a2200301Ia 4500
001 - საკონტროლო ნომერი
საკონტროლო ველი 21481
003 - საკონტროლო ნომრის იდენტიფიკატორი
საკონტროლო ველი GE_BSU
005 - ბოლო ოპერაციის თარიღი და დრო
საკონტროლო ველი 20211122160514.0
008 - ფიქსირებული სიგრძის მონაცემთა ელემენტები - ზოგადი ინფორმაცია
ფიქსირებული სიგრძის საკონტროლო ველი 181216s2014||||ge |||||||||||||| ||geo||
020 ## - წიგნის საერთაშორისო სტანდარტული ნომერი
International Standard Book Number 9789941455049
040 ## - კატალოგიზაციის წყარო
Transcribing agency GE_BSU
041 ## - ენის კოდი
Language code of text/sound track or separate title geo
080 ## - უნივერსალური ათობითი კლასიფიკაციის ინდექსი
Universal Decimal Classification number 336(479.22) ხ-52
100 ## - მთავარი ჩანაწერი - პიროვნების სახელი
Personal name ხიდაშელი, მირზა
9 (RLIN) 13002
245 ## - ცნობა სათაურის შესახებ
Title საქართველოს საფინანსო სისტემის პერსპექტივები პოსტკრიზისული გამოწვევების ფონზე :
Remainder of title [მონოგრაფია] /
Statement of responsibility, etc მირზა ხიდაშელი ; რედაქტორი გოჩა თუთბერიძე.
264 ## - წარმოების, გამოცემის, დისტრიბუციის და სხვა ცნობები
გამოცემის, წარმოების, დისტრიბუციის... ადგილი ქუთაისი :
გამოცემის, წარმოების, დისტრიბუციის... სახელწოდება აკაკი წერეთლის სახელმწ. უნ-ტის გამ-ბა,
გამოცემის, წარმოების, დისტრიბუციის... თარიღი 2014.
300 ## - ფიზიკური აღწერა
Extent 150 გვ. :
Other physical details ცხრ. ;
Dimensions 20 სმ.
504 ## - BIBLIOGRAPHY, ETC. NOTE
Bibliography, etc ბიბლიოგრაფია გვ. : 142-148
653 ## - INDEX TERM--UNCONTROLLED
Uncontrolled term ეკონომიკა
653 ## - INDEX TERM--UNCONTROLLED
Uncontrolled term საქართველოს საფინანსო სისტემა
653 ## - INDEX TERM--UNCONTROLLED
Uncontrolled term საქართველოს საფონდო ბირჟა
653 ## - INDEX TERM--UNCONTROLLED
Uncontrolled term საქართველოს საფინანსო სისტემის პერსპექტივები პოსტკრიზისული გამოწვევების ფონზე
653 ## - INDEX TERM--UNCONTROLLED
Uncontrolled term საერთაშორისო ფინანსური კრიზისი
653 ## - INDEX TERM--UNCONTROLLED
Uncontrolled term ფინანსები
700 ## - ADDED ENTRY--PERSONAL NAME
Personal name თუთბერიძე, გოჩა
Relator term რედაქტორი
9 (RLIN) 1688
942 ## - ADDED ENTRY ELEMENTS (KOHA)
Koha item type წიგნი
Source of classification or shelving scheme
ეგზემპლარები
ჩამოწერის სტატუსი დაკარგული ეგზემპლარის სტატუსი კლასიფიკაციის წყარო ან თაროზე გაწყობის სქემა დაზიანების სტატუსი არ გაიცემა მუდმივი მდებარეობა (დაცვის ადგილი) ამჟამინდელი ადგილსამყოფელი თაროზე განთავსების ადგილი შეძენის თარიღი ღირებულება, შესყიდვის ნორმალური ფასი სრული შენახვის შიფრი შტრიხკოდი ბოლო ოპერაციის თარიღი ეგზემპლარის მიმდევრობითი ნომერი (კეტერი?) ფასის ძალაში შესვლის თარიღი ეგზემპლარის სახეობა საჯარო შენიშვნა Uniform Resource Identifier
          ბათუმის შოთა რუსთაველის სახელმწიფო უნივერსიტეტის მთავარი ბიბლიოთეკა ბათუმის შოთა რუსთაველის სახელმწიფო უნივერსიტეტის მთავარი ბიბლიოთეკა წიგნსაცავი 2018-12-17 5.00 336(479.22) ხ-52 55459 2018-12-17 55459 2018-12-17 წიგნი 5.00 ₾.  
          ბათუმის შოთა რუსთაველის სახელმწიფო უნივერსიტეტის მთავარი ბიბლიოთეკა ბათუმის შოთა რუსთაველის სახელმწიფო უნივერსიტეტის მთავარი ბიბლიოთეკა წიგნსაცავი 2018-12-17 5.00 336(479.22) ხ-52 55460 2018-12-17 55460 2018-12-17 წიგნი 5.00 ₾.  
          ბათუმის შოთა რუსთაველის სახელმწიფო უნივერსიტეტის მთავარი ბიბლიოთეკა ბათუმის შოთა რუსთაველის სახელმწიფო უნივერსიტეტის მთავარი ბიბლიოთეკა წიგნსაცავი 2018-12-17 5.00 336(479.22) ხ-52 55461 2018-12-17 55461 2018-12-17 წიგნი 5.00 ₾.  
          ბათუმის შოთა რუსთაველის სახელმწიფო უნივერსიტეტის მთავარი ბიბლიოთეკა ბათუმის შოთა რუსთაველის სახელმწიფო უნივერსიტეტის მთავარი ბიბლიოთეკა წიგნსაცავი 2018-12-17 5.00 336(479.22) ხ-52 55462 2018-12-17 55462 2018-12-17 წიგნი 5.00 ლ.  
          ბათუმის შოთა რუსთაველის სახელმწიფო უნივერსიტეტის მთავარი ბიბლიოთეკა ბათუმის შოთა რუსთაველის სახელმწიფო უნივერსიტეტის მთავარი ბიბლიოთეკა წიგნსაცავი 2018-12-17 5.00 336(479.22) ხ-52 55463 2018-12-17 55463 2018-12-17 წიგნი 5.00 ₾.